| 000 | 00581nam a2200217 a 4500 | ||
|---|---|---|---|
| 001 | 14012 | ||
| 003 | CO-ViMGA | ||
| 008 | 141112s2004 ck r 000 u spa d | ||
| 020 | _a84872012X | ||
| 040 |
_aCO-ViMGA _bspa _cCO-ViMGA |
||
| 082 | 0 | 4 | _a372.86 G874c |
| 100 | 1 |
_aGutierrez D., Manuel _920473 |
|
| 245 | 1 | 0 | _a140 juegos de educación psicomotriz |
| 260 |
_aSevilla, _cWanceulen, _c1989 |
||
| 300 | _a113.p. | ||
| 590 | _aForma de adquisición : Compra | ||
| 650 | 1 | 4 |
_aAPTITUD MOTORA EN NIÑOS _920474 |
| 650 | 1 | 4 | _aJUEGOS |
| 650 | 1 | 4 | _aPSICOMOTRICIDAD |
| 942 |
_2ddc _cBK |
||
| 999 |
_c24713 _d24713 |
||